[Event "2. Bundesliga West"]
[Site "?"]
[Date "2007.01.26"]
[Round "6.6"]
[White "Kanonier, Clemens"]
[Black "Doskocil, Klaus"]
[Result "0-1"]
[WhiteElo "2094"]
[BlackElo "2146"]
[PlyCount "72"]
[EventDate "2007.01.28"]
[SourceDate "2006.10.21"]

1. e4 c5 2. Nf3 Nc6 3. d4 cxd4 4. Nxd4 Nf6 5. Nc3 e6 6. Be3 Bb4 7. Nxc6 bxc6 8.
Bd3 d5 9. exd5 cxd5 10. Bd4 O-O 11. O-O Re8 12. f4 Ba5 13. Na4 Bd7 14. c3 Bxa4
15. Qxa4 Bb6 16. Bb5 Re7 17. Rae1 Rb8 18. b3 Ne4 19. Rf3 Qc7 20. Ree3 Bxd4 21.
cxd4 Qc1+ 22. Bf1 Nd2 23. Rc3 Nxf3+ 24. Rxf3 Rc7 25. f5 Qc6 26. Qa5 Qb6 27. Qd2
e5 28. f6 Qxd4+ 29. Qxd4 exd4 30. fxg7 Re8 31. Rf5 Rc1 32. Kf2 Rc2+ 33. Kg3
Re3+ 34. Kh4 d3 35. Rxd5 d2 36. Bc4 Re1 0-1

[Event "2. Bundesliga West"]
[Site "?"]
[Date "2007.01.26"]
[Round "6.6"]
[White "Froewis, Georg"]
[Black "Natter, Markus"]
[Result "1/2-1/2"]
[WhiteElo "2112"]
[BlackElo "2102"]
[PlyCount "159"]
[EventDate "2007.01.28"]
[SourceDate "2006.10.21"]

1. e4 g6 2. d4 Bg7 3. f4 d6 4. Nc3 a6 5. a4 Nc6 6. d5 Nb4 7. Be3 Nf6 8. Nf3 e6
9. dxe6 Bxe6 10. Be2 O-O 11. Nd4 Bd7 12. O-O Re8 13. Bf3 Nfd5 14. Nxd5 Nxd5 15.
Bc1 Nb4 16. c3 Nc6 17. Be3 Na5 18. Qd3 c5 19. Ne2 Be6 20. Rad1 Bb3 21. Rde1
Bxa4 22. f5 Bb5 23. Qd5 Bc4 24. Qd2 Bb3 25. Bf2 Nc4 26. Qf4 Ne5 27. Nc1 Nxf3+
28. Qxf3 Bc4 29. Nd3 Bxd3 30. Qxd3 Qe7 31. Bg3 Rad8 32. Re3 Bh6 33. Re2 Bg7 34.
f6 Bxf6 35. Ref2 Be5 36. Rxf7 Qxf7 37. Rxf7 Kxf7 38. Qd5+ Kf8 39. Qxb7 Bxg3 40.
hxg3 Re7 41. Qc6 a5 42. Qb6 Rdd7 43. Qxa5 Rxe4 44. Qa8+ Re8 45. Qc6 Ree7 46.
Kh2 Kf7 47. g4 h6 48. Qd5+ Kg7 49. b4 cxb4 50. cxb4 Re5 51. Qc6 Ree7 52. Qc3+
Kh7 53. b5 d5 54. b6 d4 55. Qd3 Rd8 56. Kg1 Kg7 57. Kf2 Rb7 58. Qa6 Rdd7 59.
Ke2 Kf6 60. Kd3 Kg5 61. Qb5+ Kxg4 62. Qe5 g5 63. Qe6+ Kg3 64. Qxh6 Kxg2 65.
Qxg5+ Kf3 66. Qf5+ Kg3 67. Ke4 d3 68. Qg5+ Kh3 69. Kf3 Rf7+ 70. Ke3 Rbd7 71.
Qh5+ Kg3 72. Qe5+ Kh4 73. Qh2+ Kg5 74. Qg3+ Kf6 75. Kd2 Rfe7 76. Qf4+ Kg7 77.
Qg5+ Kf8 78. Qf6+ Kg8 79. Qg6+ Kf8 80. Qf6+ 1/2-1/2

[Event "2. Bundesliga West"]
[Site "?"]
[Date "2007.01.26"]
[Round "6.6"]
[White "Gsteu, Peter"]
[Black "Mrsic, Robert"]
[Result "1/2-1/2"]
[WhiteElo "2056"]
[BlackElo "2125"]
[PlyCount "129"]
[EventDate "2007.01.28"]
[SourceDate "2006.10.21"]

1. d4 Nf6 2. Nf3 e6 3. g3 b6 4. Bg2 Bb7 5. O-O Be7 6. c4 c5 7. Nc3 cxd4 8. Nxd4
Bxg2 9. Kxg2 Qc8 10. Qd3 Nc6 11. Nxc6 Qxc6+ 12. f3 Rc8 13. Nb5 Qxc4 14. Nd6+
Bxd6 15. Qxd6 Qc6 16. Bf4 Qxd6 17. Bxd6 Kd8 18. Rac1 Rc6 19. Rfd1 Nd5 20. Rxc6
dxc6 21. Kf2 Kc8 22. e4 Rd8 23. e5 Nc7 24. Rc1 Kb7 25. Bxc7 Kxc7 26. Ke3 Rd5
27. f4 f6 28. exf6 gxf6 29. g4 Ra5 30. a3 Rb5 31. Rc2 h5 32. gxh5 Rxh5 33. Ke4
c5 34. Kf3 f5 35. Kg3 Kc6 36. h4 b5 37. b3 a5 38. b4 axb4 39. axb4 c4 40. Re2
Rh6 41. Re5 Kb6 42. Kh3 Kc6 43. Rc5+ Kd6 44. Rxb5 Rh7 45. Re5 c3 46. Re1 Kd5
47. b5 Kc4 48. b6 c2 49. Rxe6 Kb3 50. Rc6 Kb2 51. b7 Rxb7 52. h5 Rb3+ 53. Kh4
Rc3 54. Rb6+ Ka3 55. Ra6+ Kb4 56. Ra1 c1=Q 57. Rxc1 Rxc1 58. Kg5 Rh1 59. Kxf5
Rxh5+ 60. Ke6 Rh6+ 61. Ke7 Rh7+ 62. Ke6 Kc5 63. f5 Rh8 64. f6 Re8+ 65. Kd7
1/2-1/2

[Event "2. Bundesliga West"]
[Site "?"]
[Date "2007.01.26"]
[Round "6.6"]
[White "Maier, Peter"]
[Black "Klocker, Benedikt"]
[Result "1-0"]
[WhiteElo "2169"]
[BlackElo "2028"]
[PlyCount "55"]
[EventDate "2007.01.28"]
[SourceDate "2006.10.21"]

1. Nf3 Nf6 2. g3 d5 3. Bg2 e6 4. O-O Bd6 5. d3 O-O 6. Nbd2 Nbd7 7. e4 c6 8. Qe2
e5 9. b3 Qc7 10. Bb2 b6 11. Nh4 Bb7 12. Nf5 Bc5 13. exd5 cxd5 14. d4 exd4 15.
Nxd4 Bxd4 16. Bxd4 Qxc2 17. Rfc1 Qf5 18. Rc7 Rab8 19. Nf1 Rfc8 20. Rac1 Nc5 21.
Ne3 Qe6 22. Rxc8+ Rxc8 23. Bxf6 gxf6 24. Qh5 d4 25. Nf5 Bxg2 26. Kxg2 Qe4+ 27.
Kg1 Rf8 28. f3 1-0

[Event "2. Bundesliga West"]
[Site "?"]
[Date "2007.01.26"]
[Round "7.1"]
[White "Ginsburg, Gennadij"]
[Black "Bromberger, Stefan"]
[Result "1-0"]
[WhiteElo "2506"]
[BlackElo "2507"]
[PlyCount "59"]
[EventDate "2007.01.28"]
[SourceDate "2006.10.21"]

1. e4 c5 2. Nf3 d6 3. d4 Nf6 4. Nc3 cxd4 5. Nxd4 a6 6. Bg5 e6 7. f4 b5 8. e5
dxe5 9. fxe5 Qc7 10. exf6 Qe5+ 11. Be2 Qxg5 12. O-O Qe5 13. Kh1 Ra7 14. Nf3
Qxf6 15. a4 b4 16. Ne4 Qd8 17. Qe1 f5 18. Rd1 Rd7 19. Neg5 Rxd1 20. Bxd1 Qb6
21. a5 Qd6 22. Ne5 Qd5 23. Bh5+ g6 24. Nxh7 Rxh7 25. Bxg6+ Ke7 26. Bxh7 Kf6 27.
Nd3 Bb7 28. Nf4 Qe4 29. Qh4+ Kg7 30. Re1 1-0

[Event "2. Bundesliga West"]
[Site "?"]
[Date "2007.01.26"]
[Round "7.1"]
[White "Heinzel, Olaf"]
[Black "Doskocil, Klaus"]
[Result "1/2-1/2"]
[WhiteElo "2384"]
[BlackElo "2146"]
[PlyCount "105"]
[EventDate "2007.01.28"]
[SourceDate "2006.10.21"]

1. d4 Nf6 2. Bf4 d6 3. h3 Nbd7 4. Nf3 g6 5. e3 Bg7 6. Be2 c5 7. O-O O-O 8. a4
Ne8 9. Na3 b6 10. a5 Nc7 11. c3 Bb7 12. Bh2 Kh8 13. Nd2 f5 14. Qb3 Rb8 15. axb6
axb6 16. Nb5 Nxb5 17. Bxb5 Nf6 18. Ra7 Qc7 19. Rfa1 Ra8 20. Bf1 Rxa7 21. Rxa7
Ra8 22. Rxa8+ Bxa8 23. Nc4 Nd7 24. Na3 Nf6 25. Nb5 Qd7 26. Qa2 Bd5 27. c4 Qxb5
28. cxd5 Qb4 29. Qa7 Ng8 30. dxc5 bxc5 31. Bf4 Qxb2 32. Qa8 Be5 33. Bg5 Bf6 34.
Bxf6+ Qxf6 35. Bb5 Kg7 36. Bd7 Qf8 37. Qb7 Nf6 38. Be6 h6 39. f3 Nh7 40. h4 Qf6
41. h5 Nf8 42. Bc8 gxh5 43. Qb1 f4 44. e4 Ng6 45. Qb5 Nh4 46. Bh3 Qd4+ 47. Kf1
c4 48. Qe8 Qd1+ 49. Kf2 Qd2+ 50. Kf1 Ng6 51. Bf5 Qd1+ 52. Kf2 Qd2+ 53. Kf1
1/2-1/2

[Event "2. Bundesliga West"]
[Site "?"]
[Date "2007.01.26"]
[Round "7.1"]
[White "Froewis, Georg"]
[Black "Hengl, Christian"]
[Result "1-0"]
[WhiteElo "2112"]
[BlackElo "2224"]
[PlyCount "69"]
[EventDate "2007.01.28"]
[SourceDate "2006.10.21"]

1. e4 c5 2. Nf3 e6 3. c4 a6 4. Nc3 Nc6 5. Be2 Nf6 6. O-O Qc7 7. d4 cxd4 8. Nxd4
Bb4 9. Qd3 O-O 10. Nxc6 dxc6 11. f4 Rd8 12. Qf3 e5 13. f5 b5 14. g4 Bb7 15. g5
Ne8 16. a3 Bc5+ 17. Kh1 Bd4 18. Qh5 a5 19. Rf3 Bxc3 20. Rh3 c5 21. Qxh7+ Kf8
22. f6 gxf6 23. gxf6 Nxf6 24. Qh6+ Ke7 25. Bg5 Ra6 26. Rf1 Bxe4+ 27. Bf3 Qb7
28. Bxf6+ Kd7 29. bxc3 Rg8 30. Qh4 Bxf3+ 31. Rhxf3 Re6 32. Qh7 Rxf6 33. Qxg8
Rxf3 34. Qg4+ Rf5+ 35. Kg1 1-0

[Event "2. Bundesliga West"]
[Site "?"]
[Date "2007.01.26"]
[Round "7.1"]
[White "Fuchs, Georg"]
[Black "Mrsic, Robert"]
[Result "0-1"]
[WhiteElo "2209"]
[BlackElo "2125"]
[PlyCount "100"]
[EventDate "2007.01.28"]
[SourceDate "2006.10.21"]

1. e4 e6 2. d4 d5 3. Nd2 dxe4 4. Nxe4 Qd5 5. Ng3 Nf6 6. Nf3 c5 7. Bg5 Nc6 8.
Bb5 Bd7 9. c4 Qd6 10. Bxf6 gxf6 11. d5 Ne5 12. Ne4 Qe7 13. d6 Qd8 14. Nxe5 fxe5
15. Bxd7+ Kxd7 16. Nxc5+ Kc8 17. Qa4 Bxd6 18. Rd1 Qc7 19. Ne4 Be7 20. c5 Qc6
21. Qc4 Rg8 22. O-O h5 23. b4 b5 24. Qe2 h4 25. f3 h3 26. g3 Rd8 27. Rxd8+ Kxd8
28. Rd1+ Ke8 29. Nd6+ Bxd6 30. Rxd6 Qb7 31. Kf2 a5 32. a3 axb4 33. axb4 Ra3 34.
g4 Ke7 35. Kg3 e4 36. Qd2 Rxf3+ 37. Kh4 e3 38. Qd3 Qc8 39. g5 e5 40. Kh5 Rf4
41. Qd1 Qh8+ 42. Rh6 Qd8 43. Rd6 Qc8 44. Rb6 Qd7 45. Rd6 Qg4+ 46. Qxg4 Rxg4 47.
Rd5 Re4 48. c6 e2 49. c7 e1=Q 50. c8=N+ Kf8 0-1

[Event "2. Bundesliga West"]
[Site "?"]
[Date "2007.01.26"]
[Round "7.1"]
[White "Maier, Peter"]
[Black "Jedinger, Andreas"]
[Result "1-0"]
[WhiteElo "2169"]
[BlackElo "2147"]
[PlyCount "85"]
[EventDate "2007.01.28"]
[SourceDate "2006.10.21"]

1. d4 Nf6 2. c4 c5 3. d5 e5 4. Nc3 d6 5. e4 Nbd7 6. Nge2 h5 7. h4 Be7 8. g3 a6
9. Bg2 Rb8 10. O-O b5 11. b3 bxc4 12. bxc4 O-O 13. Rb1 Rxb1 14. Nxb1 Nb6 15.
Qb3 Bd7 16. Na3 Ba4 17. Qb2 Qc7 18. Bd2 Rb8 19. Ba5 Nxc4 20. Nxc4 Rxb2 21. Bxc7
Rxe2 22. Nxd6 Rxa2 23. Nf5 Bf8 24. Bxe5 Ng4 25. Bc7 Bb5 26. d6 Rd2 27. Ne7+ Kh7
28. Rc1 c4 29. Nd5 Nxf2 30. e5 Ng4 31. Re1 g6 32. Nc3 Bd7 33. Ne4 Rxg2+ 34.
Kxg2 Bc6 35. Kf3 Bg7 36. Ke2 Bxe5 37. Kd2 Bd4 38. Ng5+ Kg8 39. Re7 Ne5 40. Ba5
Bd7 41. Bc3 Bxc3+ 42. Kxc3 f6 43. Ne4 1-0

[Event "2. Bundesliga West"]
[Site "?"]
[Date "2007.01.26"]
[Round "7.1"]
[White "Muehlbacher, Bernhard"]
[Black "Niedermair, Hannes"]
[Result "1-0"]
[WhiteElo "2094"]
[BlackElo "2051"]
[PlyCount "73"]
[EventDate "2007.01.28"]
[SourceDate "2006.10.21"]

1. c4 e5 2. Nc3 f5 3. g3 Nf6 4. Bg2 Nc6 5. d3 Bc5 6. e3 d6 7. Nge2 a6 8. a3 O-O
9. O-O Qe8 10. b4 Ba7 11. b5 axb5 12. Nxb5 Bb6 13. d4 e4 14. Rb1 Ba5 15. Bd2
Qd8 16. Nec3 Ne7 17. d5 Ng6 18. Nd4 Bxc3 19. Bxc3 Rxa3 20. Nb5 Ra6 21. Qb3 Ng4
22. Rfd1 Rf7 23. Ra1 Qg5 24. Rxa6 bxa6 25. Nd4 N6e5 26. Ne6 Bxe6 27. dxe6 Rf8
28. c5 Kh8 29. cxd6 cxd6 30. Rxd6 Qe7 31. Qd5 Nf3+ 32. Bxf3 exf3 33. Rd7 Nf6
34. Rxe7 Nxd5 35. Bxg7+ Kg8 36. Bxf8 Kxf8 37. Rxh7 1-0

[Event "2. Bundesliga West"]
[Site "?"]
[Date "2007.01.26"]
[Round "7.2"]
[White "Wohl, Aleksandar H"]
[Black "Anistratov, Dmitrij"]
[Result "1/2-1/2"]
[WhiteElo "2428"]
[BlackElo "2315"]
[PlyCount "107"]
[EventDate "2007.01.28"]
[SourceDate "2006.10.21"]

1. e4 d6 2. d4 Nf6 3. Nc3 e5 4. Nf3 Nbd7 5. Bc4 Be7 6. O-O O-O 7. Re1 c6 8. a4
exd4 9. Nxd4 Ne5 10. Bb3 Re8 11. h3 Ng6 12. a5 Qc7 13. Kh1 Bf8 14. Bg5 Nd7 15.
a6 Nc5 16. axb7 Bxb7 17. Ba2 h6 18. Bd2 Qe7 19. Nf5 Qf6 20. Qf3 Kh7 21. Be3 Ne5
22. Qh5 g6 23. Qh4 Qxh4 24. Nxh4 Be7 25. Nf3 Nxf3 26. gxf3 Kg7 27. Red1 Nd7 28.
Bb3 Nb6 29. Ra5 c5 30. Rda1 a6 31. Nd5 Nxd5 32. Bxd5 Bxd5 33. exd5 Reb8 34. b3
Bf6 35. R1a2 Rb6 36. Kg2 g5 37. f4 Kg6 38. Kf3 Kf5 39. R5a4 Bc3 40. Rc4 Bf6 41.
Raa4 Rbb8 42. fxg5 hxg5 43. h4 Rg8 44. hxg5 Bxg5 45. Re4 a5 46. Ke2 Rab8 47.
Bxg5 Rxg5 48. Re3 Kf6 49. Rxa5 Rxd5 50. Ra1 Rf8 51. Rd1 Kf5 52. f3 f6 53. Re4
Rh8 54. Rf1 1/2-1/2

[Event "2. Bundesliga West"]
[Site "?"]
[Date "2007.01.26"]
[Round "7.2"]
[White "Novkovic, Julia"]
[Black "Lawitsch, Guenther"]
[Result "1-0"]
[WhiteElo "2158"]
[BlackElo "2294"]
[PlyCount "125"]
[EventDate "2007.01.28"]
[SourceDate "2006.10.21"]

1. e4 e6 2. d4 d5 3. exd5 exd5 4. Bd3 Bd6 5. Qf3 c6 6. Nc3 Qh4 7. Nge2 Bg4 8.
Qe3+ Ne7 9. Qg5 Qxg5 10. Bxg5 f6 11. Bf4 Bxf4 12. Nxf4 Kf7 13. h3 Bf5 14. O-O-O
Bxd3 15. Rxd3 Nd7 16. g4 Rae8 17. Re1 Ng6 18. Rxe8 Rxe8 19. Nxg6 Kxg6 20. Kd2
Kg5 21. Ne2 h5 22. Rg3 hxg4 23. f4+ Kg6 24. hxg4 Nb6 25. b3 Rh8 26. Rg2 Nc8 27.
Ng3 Nd6 28. f5+ Kf7 29. Ke3 Re8+ 30. Kd3 Re1 31. Kd2 Ra1 32. a4 a5 33. Ne2 Ne4+
34. Ke3 b5 35. axb5 cxb5 36. Nf4 Nc3 37. Kd2 b4 38. Nd3 Nb5 39. Ke3 Rh1 40. Nf4
Nc3 41. Rd2 Rf1 42. Nd3 g6 43. Rh2 Kg7 44. fxg6 Kxg6 45. Rh8 Kg5 46. Rg8+ Kh4
47. Ra8 Kxg4 48. Rxa5 f5 49. Nxb4 f4+ 50. Kd3 Rf3+ 51. Kd2 Kf5 52. Nxd5 Nxd5
53. Rxd5+ Ke4 54. Rd8 Rf2+ 55. Kc3 f3 56. Re8+ Kf4 57. d5 Rf1 58. Kd2 Ra1 59.
Rf8+ Kg3 60. Rg8+ Kf4 61. Rf8+ Kg3 62. d6 Ra6 63. Ke3 1-0

[Event "2. Bundesliga West"]
[Site "?"]
[Date "2007.01.26"]
[Round "7.2"]
[White "Natter, Markus"]
[Black "Riedl, Johannes"]
[Result "1/2-1/2"]
[WhiteElo "2102"]
[BlackElo "2143"]
[PlyCount "44"]
[EventDate "2007.01.28"]
[SourceDate "2006.10.21"]

1. e4 e6 2. d4 d5 3. e5 c5 4. c3 Nc6 5. Nf3 Nge7 6. Na3 cxd4 7. cxd4 Nf5 8. Nc2
Bd7 9. Bd3 Qb6 10. Bxf5 exf5 11. O-O Be7 12. b4 O-O 13. Rb1 Rac8 14. Ne3 Be6
15. a3 Rc7 16. g3 Rfc8 17. Qd3 g6 18. h4 a6 19. Bd2 Qb5 20. Qb3 Qe2 21. Qd1
Qxd1 22. Rfxd1 Na7 1/2-1/2

[Event "2. Bundesliga West"]
[Site "?"]
[Date "2007.01.26"]
[Round "7.2"]
[White "Vrban, Damir"]
[Black "Gsteu, Peter"]
[Result "1/2-1/2"]
[WhiteElo "2130"]
[BlackElo "2056"]
[PlyCount "100"]
[EventDate "2007.01.28"]
[SourceDate "2006.10.21"]

1. e4 c5 2. Nf3 d6 3. Bc4 Nf6 4. d3 Nc6 5. c3 e6 6. O-O Be7 7. Bb3 b5 8. Re1 a5
9. a3 Bb7 10. Nbd2 O-O 11. Nf1 Nd7 12. Ng3 b4 13. axb4 axb4 14. Rxa8 Bxa8 15.
d4 bxc3 16. bxc3 Na5 17. Bc2 cxd4 18. cxd4 Qc7 19. d5 Rc8 20. dxe6 fxe6 21. Bb1
Nc4 22. Nd4 Nf8 23. Ba2 Qa5 24. Re2 Bf6 25. Nf3 Ne5 26. Ng5 Nd3 27. Be3 Bxg5
28. Qxd3 Bxe3 29. Qxe3 Qe5 30. f4 Qa1+ 31. Kf2 d5 32. exd5 Bxd5 33. Bxd5 exd5
34. Nf5 Ra8 35. Ne7+ Kh8 36. Nxd5 Qa7 37. Qxa7 Rxa7 38. Re7 Rxe7 39. Nxe7 g6
40. Kf3 Kg7 41. Nd5 Ne6 42. Ke4 Nc5+ 43. Ke5 Nd3+ 44. Ke6 Ne1 45. g4 Nf3 46. h3
Nd4+ 47. Ke7 Nc6+ 48. Ke8 Nd4 49. h4 h5 50. gxh5 gxh5 1/2-1/2

[Event "2. Bundesliga West"]
[Site "?"]
[Date "2007.01.26"]
[Round "7.3"]
[White "Blaskowski, Johannes"]
[Black "Medvegy, Zoltan"]
[Result "1/2-1/2"]
[WhiteElo "2342"]
[BlackElo "2518"]
[PlyCount "52"]
[EventDate "2007.01.28"]
[SourceDate "2006.10.21"]

1. e4 c6 2. d4 d5 3. exd5 cxd5 4. c4 Nf6 5. Nc3 g6 6. cxd5 Nxd5 7. Qb3 Nb6 8.
d5 Bg7 9. Bb5+ Bd7 10. Nge2 Bxb5 11. Qxb5+ Qd7 12. Qb3 O-O 13. O-O Rc8 14. Rd1
Na6 15. Be3 Nc4 16. Bd4 Nd6 17. Bxg7 Kxg7 18. Rd4 Rc7 19. Ng3 Rac8 20. h3 Rc4
21. Rxc4 Rxc4 22. Re1 b5 23. Qd1 Kg8 24. Qf3 f5 25. b3 Rc8 26. Nce2 e5 1/2-1/2

[Event "2. Bundesliga West"]
[Site "?"]
[Date "2007.01.26"]
[Round "7.3"]
[White "Dovzik, Juri"]
[Black "Neuschmied, Siegfried"]
[Result "0-1"]
[WhiteElo "2416"]
[BlackElo "2295"]
[PlyCount "72"]
[EventDate "2007.01.28"]
[SourceDate "2006.10.21"]

1. d4 d6 2. Nf3 g6 3. g3 Bg7 4. Bg2 Nd7 5. O-O e5 6. c4 Ne7 7. Nc3 O-O 8. e4
Nb6 9. b3 Bg4 10. dxe5 Nc6 11. h3 Bxf3 12. Bxf3 Nxe5 13. Bd2 Nxf3+ 14. Qxf3 a5
15. Rad1 a4 16. h4 axb3 17. axb3 Nd7 18. Bg5 f6 19. Bc1 f5 20. Bg5 Qb8 21. Nd5
Kh8 22. Bf4 Ne5 23. Qe2 Ra3 24. exf5 Rxf5 25. Ne3 Rf8 26. Bxe5 Bxe5 27. Rd3 Qe8
28. c5 Bg7 29. cxd6 cxd6 30. Qg4 Ra2 31. Qc4 Qe5 32. b4 Raxf2 33. Rxf2 Qxg3+
34. Rg2 Qe1+ 35. Kh2 Be5+ 36. Kh3 Rf3+ 0-1

[Event "2. Bundesliga West"]
[Site "?"]
[Date "2007.01.26"]
[Round "7.3"]
[White "Grundherr, Martin"]
[Black "Webersberger, Johann"]
[Result "1-0"]
[WhiteElo "2304"]
[BlackElo "2264"]
[PlyCount "137"]
[EventDate "2007.01.28"]
[SourceDate "2006.10.21"]

1. Nf3 Nf6 2. c4 e6 3. g3 b6 4. Bg2 Bb7 5. O-O Be7 6. b3 O-O 7. Bb2 c5 8. d4
cxd4 9. Qxd4 d6 10. Nc3 a6 11. Rfd1 Nbd7 12. Nd2 Bxg2 13. Kxg2 Qc7 14. Nde4 Ne8
15. f3 Rd8 16. Rac1 f5 17. Nf2 Rf6 18. Nd3 Qb7 19. h4 Nc7 20. e4 e5 21. Qe3
Rdf8 22. exf5 Rxf5 23. Qe4 Qc8 24. Rf1 Ne6 25. Nd5 Qe8 26. f4 Nec5 27. Nxc5
Nxc5 28. Nxe7+ Qxe7 29. Qd5+ Qe6 30. Qxe6+ Nxe6 31. fxe5 dxe5 32. Rxf5 Rxf5 33.
Rf1 Rh5 34. Re1 Nd4 35. Rd1 Kf7 36. Bxd4 exd4 37. Rxd4 Ke6 38. Kf3 b5 39. cxb5
Rxb5 40. Ra4 a5 41. Rg4 Kf6 42. Ke3 h5 43. Rf4+ Kg6 44. g4 hxg4 45. Rxg4+ Kf6
46. Kd3 g6 47. Kc3 Rc5+ 48. Rc4 Rb5 49. a3 g5 50. b4 gxh4 51. Rxh4 axb4+ 52.
axb4 Ke6 53. Kc4 Rg5 54. Rd4 Rg7 55. Kc5 Ke5 56. Rd8 Rc7+ 57. Kb6 Rc1 58. b5
Ke6 59. Ka7 Ke7 60. Rd5 Ra1+ 61. Kb7 Ra2 62. b6 Ra1 63. Kc7 Rc1+ 64. Kb8 Rb1
65. b7 Ra1 66. Kc7 Rc1+ 67. Kb6 Rb1+ 68. Kc6 Rc1+ 69. Rc5 1-0

[Event "2. Bundesliga West"]
[Site "?"]
[Date "2007.01.26"]
[Round "7.3"]
[White "Zoister, Stefan"]
[Black "Mittelberger, Peter"]
[Result "0-1"]
[WhiteElo "2257"]
[BlackElo "2244"]
[PlyCount "47"]
[EventDate "2007.01.28"]
[SourceDate "2006.10.21"]

1. e4 d6 2. d4 Nf6 3. Nc3 g6 4. Be2 Bg7 5. h4 h5 6. Nf3 Nc6 7. Ng5 O-O 8. f3 e5
9. d5 Nd4 10. Be3 c6 11. Qd2 cxd5 12. Nxd5 Nxd5 13. exd5 Bf5 14. Bxd4 exd4 15.
g4 hxg4 16. fxg4 Bd7 17. O-O-O Qb6 18. h5 d3 19. cxd3 Ba4 20. Kb1 Bxd1 21. Bxd1
Rfe8 22. Ne4 Qd4 23. hxg6 Rxe4 24. Qh2 0-1

[Event "2. Bundesliga West"]
[Site "?"]
[Date "2007.01.26"]
[Round "7.3"]
[White "Eybl, Alexander"]
[Black "Riediger, Martin"]
[Result "1-0"]
[WhiteElo "2253"]
[BlackElo "2310"]
[PlyCount "143"]
[EventDate "2007.01.28"]
[SourceDate "2006.10.21"]

1. d4 d5 2. c4 c6 3. cxd5 cxd5 4. Nc3 Nf6 5. Nf3 Nc6 6. Bf4 Ne4 7. e3 Nxc3 8.
bxc3 g6 9. Be5 f6 10. Bg3 Bg7 11. Be2 O-O 12. O-O Na5 13. Nd2 Be6 14. Qa4 b6
15. Rfc1 Bd7 16. Qb4 e5 17. Qd6 Bf5 18. dxe5 fxe5 19. Bxe5 Qxd6 20. Bxd6 Rfc8
21. Bb4 Nc6 22. Ba6 Rc7 23. Bd6 Rd7 24. Bg3 Ne5 25. Bb5 Rc7 26. a4 a6 27. Be2
Rc6 28. Nf3 Nxf3+ 29. Bxf3 Be4 30. Bxe4 dxe4 31. Rab1 Rac8 32. f3 Bxc3 33. fxe4
Bd2 34. Rxc6 Rxc6 35. Kf2 Re6 36. Ke2 Bc3 37. Kd3 Bf6 38. e5 Bxe5 39. Bxe5 Rxe5
40. Rxb6 Ra5 41. Rb4 Kf7 42. Kd4 Kf6 43. e4 Ke6 44. Rb6+ Kf7 45. Rb7+ Ke6 46.
Rxh7 Rxa4+ 47. Ke3 Ra2 48. Kf3 a5 49. h4 a4 50. Ra7 a3 51. Ra6+ Kf7 52. g4 Ra1
53. Kf4 a2 54. Kg5 Ke7 55. e5 Ke8 56. Ra7 Kf8 57. Kxg6 Rg1 58. Rxa2 Rxg4+ 59.
Kf6 Rf4+ 60. Kg5 Re4 61. Kf6 Rf4+ 62. Kg5 Re4 63. Ra5 Kf7 64. h5 Re1 65. Kh6
Re2 66. Kh7 Re1 67. h6 Re2 68. Rb5 Re1 69. Rc5 Re2 70. Ra5 Re1 71. Ra4 Re2 72.
Rf4+ 1-0

[Event "2. Bundesliga West"]
[Site "?"]
[Date "2007.01.26"]
[Round "7.3"]
[White "Ager, Josef"]
[Black "Meier, Alexander"]
[Result "1-0"]
[WhiteElo "2196"]
[BlackElo "2145"]
[PlyCount "151"]
[EventDate "2007.01.28"]
[SourceDate "2006.10.21"]

1. Nf3 Nf6 2. g3 g6 3. Bg2 Bg7 4. O-O d6 5. d4 O-O 6. c4 Nbd7 7. Nc3 e5 8. b3
Re8 9. Bb2 c6 10. e3 e4 11. Nd2 d5 12. Rc1 Nf8 13. h3 h5 14. f4 exf3 15. Qxf3
N8h7 16. Kh2 Ng5 17. Qf4 Bf5 18. Rfe1 Ne6 19. Qf2 Ng5 20. Ba3 Qd7 21. Qf1 Nxh3
22. Bxh3 Bxh3 23. Qxh3 Ng4+ 24. Kg1 Rxe3 25. Rxe3 Bxd4 26. Nf1 Qf5 27. Nd1 Qg5
28. Qg2 Re8 29. Qd2 Re4 30. Bd6 Nxe3 31. Ndxe3 Bxe3+ 32. Nxe3 Rxe3 33. Rc2 Qg4
34. cxd5 Qe4 35. Qg2 Qd4 36. Kh2 Qxd5 37. Qxd5 cxd5 38. Bc5 Rd3 39. Bxa7 Kg7
40. Bb8 g5 41. Kg2 d4 42. Kf1 Rf3+ 43. Rf2 Re3 44. Rd2 d3 45. Kf2 Re8 46. Bd6
Ra8 47. a4 Kf6 48. Rxd3 Ke6 49. Bc5 Ra6 50. Be3 f6 51. Rc3 Kf5 52. Rc5+ Ke4 53.
Ke2 Re6 54. Rb5 Re7 55. Rc5 Rh7 56. Bf2 f5 57. b4 Re7 58. a5 h4 59. gxh4 g4 60.
Be3 g3 61. Rc4+ Ke5 62. Kf3 g2 63. Kxg2 Kd5 64. Rc5+ Ke4 65. Bg5 Rd7 66. Rc4+
Ke5 67. Kf3 Rd3+ 68. Be3 Rd1 69. h5 Rh1 70. h6 Rh3+ 71. Ke2 Kd5 72. Rf4 Ke5 73.
Rf2 Rh4 74. Bf4+ Kd4 75. Rh2 Rxf4 76. h7 1-0

[Event "2. Bundesliga West"]
[Site "?"]
[Date "2007.01.26"]
[Round "7.4"]
[White "Gasthofer, Alexander"]
[Black "Bezold, Michael"]
[Result "1/2-1/2"]
[WhiteElo "2439"]
[BlackElo "2535"]
[PlyCount "40"]
[EventDate "2007.01.28"]
[SourceDate "2006.10.21"]

1. Nf3 c5 2. g3 Nc6 3. d4 cxd4 4. Nxd4 g6 5. Bg2 Bg7 6. Nxc6 bxc6 7. c4 Rb8 8.
Qc2 Qa5+ 9. Nd2 c5 10. O-O Nf6 11. b3 O-O 12. Bb2 Ne8 13. Ne4 Bb7 14. Bxg7 Nxg7
15. Nc3 Bxg2 16. Kxg2 Nf5 17. Nd5 Rbe8 18. Qe4 Qd8 19. Rad1 d6 20. Rd2 Nd4
1/2-1/2

[Event "2. Bundesliga West"]
[Site "?"]
[Date "2007.01.26"]
[Round "7.4"]
[White "Gaertner, Guntram"]
[Black "Pitl, Gregory"]
[Result "1/2-1/2"]
[WhiteElo "2331"]
[BlackElo "2279"]
[PlyCount "76"]
[EventDate "2007.01.28"]
[SourceDate "2006.10.21"]

1. b3 d5 2. Bb2 Nf6 3. e3 Bf5 4. Nf3 e6 5. c4 h6 6. Be2 Nbd7 7. O-O Bd6 8. d4
c6 9. Ba3 Bxa3 10. Nxa3 O-O 11. Nb1 Qe7 12. Nbd2 Rfd8 13. Qc1 Bg4 14. h3 Bh5
15. cxd5 exd5 16. Re1 Re8 17. Qb2 Rac8 18. Rac1 Ne4 19. Nxe4 dxe4 20. Nh2 Bxe2
21. Rxe2 Qg5 22. f4 exf3 23. Nxf3 Qg3 24. Qd2 Nf6 25. Qe1 Qxe1+ 26. Rexe1 Re6
27. Rc5 Nd7 28. Rc3 Rce8 29. Nd2 Nf6 30. Nf1 Nd5 31. Rd3 f5 32. g3 f4 33. Kf2
Kh7 34. Kf3 fxe3 35. Nxe3 Kg6 36. Kf2 Nb4 37. Rd2 h5 38. Ng2 Rxe1 1/2-1/2

[Event "2. Bundesliga West"]
[Site "?"]
[Date "2007.01.26"]
[Round "7.4"]
[White "Pitschka, Klaus"]
[Black "Grabher, Heinz"]
[Result "1-0"]
[WhiteElo "2279"]
[BlackElo "2311"]
[PlyCount "75"]
[EventDate "2007.01.28"]
[SourceDate "2006.10.21"]

1. Nf3 Nc6 2. e4 e5 3. Bc4 Nf6 4. d4 exd4 5. e5 d5 6. Bb5 Ne4 7. Nxd4 Bd7 8.
Bxc6 bxc6 9. O-O Bc5 10. f3 Ng5 11. f4 Ne4 12. Be3 O-O 13. Nd2 Nxd2 14. Qxd2 f6
15. e6 Bxd4 16. Bxd4 Bxe6 17. Bxa7 Bf5 18. Bc5 Re8 19. a4 Re4 20. b4 Qe8 21.
Rf2 Qg6 22. a5 Ra6 23. Re1 Qe8 24. Rxe4 Bxe4 25. f5 Ra8 26. Bd4 Qb8 27. c3 Qb5
28. Qf4 Rc8 29. h3 Qd3 30. Kh2 Kf7 31. Rd2 Qb1 32. a6 Bxf5 33. Rf2 Bd7 34. Bxf6
Qg6 35. Bd8+ Bf5 36. Qxf5+ Qxf5 37. Rxf5+ Ke6 38. Rf8 1-0

[Event "2. Bundesliga West"]
[Site "?"]
[Date "2007.01.26"]
[Round "7.4"]
[White "Atlas, Dimitry"]
[Black "Hager, Franz"]
[Result "1/2-1/2"]
[WhiteElo "2294"]
[BlackElo "2237"]
[PlyCount "82"]
[EventDate "2007.01.28"]
[SourceDate "2006.10.21"]

1. e4 g6 2. d4 d6 3. Nc3 Bg7 4. Be3 a6 5. Qd2 b5 6. a3 Nd7 7. h4 h5 8. Nf3 c5
9. Ng5 Bb7 10. Nd5 Ngf6 11. c4 O-O 12. f3 cxd4 13. Bxd4 Nc5 14. Bxc5 dxc5 15.
Rd1 Nxd5 16. cxd5 Qd6 17. f4 Rad8 18. Be2 c4 19. O-O e6 20. Bf3 exd5 21. exd5
Qf6 22. Rf2 Rfe8 23. g3 Qf5 24. Bg2 Bf8 25. Kh2 Bc5 26. Re2 Rxe2 27. Qxe2 Qg4
28. Bf3 Qf5 29. Bg2 Bf8 30. Ne4 Bc8 31. Rd2 Kg7 32. Qf2 Kh8 33. Qb6 Qd7 34. d6
Qe8 35. Nc5 Kh7 36. Ne4 Bf5 37. Ng5+ Kg8 38. Bd5 Rd7 39. Nxf7 Rxf7 40. Bxf7+
Kxf7 41. d7 Bxd7 1/2-1/2